[Event "15. Obert Int. Sant Martí 2013 - B"]
[Site "Barcelona ESP"]
[Date "2013.07.13"]
[Round "1.24"]
[White "Collell Rodriguez, Victor"]
[Black "Dominguez Carnero, Javier"]
[Result "1/2-1/2"]
[WhiteElo "1650"]
[BlackElo "1913"]
[PlyCount "81"]
[EventDate "2013.07.13"]
[EventType "swiss"]
[EventRounds "9"]
[EventCountry "ESP"]
[SourceTitle "Ajedrez en Madrid"]
[Source "lmi"]
[SourceDate "2013.07.13"]
[SourceVersion "1"]
[SourceVersionDate "2019.06.21"]
[SourceQuality "1"]

1. e4 c6 2. d4 d5 3. Nc3 dxe4 4. Nxe4 Bf5 5. Ng3 Bg6 6. f4 e6 7. Nf3 Nd7 8. Bd3
Ngf6 9. O-O Be7 10. f5 exf5 11. Nxf5 O-O 12. Nxe7+ Qxe7 13. Bg5 Qb4 14. Bxf6
Nxf6 15. Bxg6 hxg6 16. Rb1 Rad8 17. c3 Qb5 18. Re1 Nd5 19. Ne5 Qb6 20. Qg4 Qc7
21. Qh3 Qc8 22. Qh4 Qf5 23. Re4 Nf6 24. Ree1 Rfe8 25. Rf1 Qh5 26. Qxh5 gxh5 27.
Rf5 c5 28. Rd1 cxd4 29. Rxd4 Rxd4 30. cxd4 Rc8 31. Rf2 Rc7 32. g3 Ne4 33. Re2
f5 34. Kg2 Kh7 35. Kf3 g6 36. Ke3 a6 37. Kd3 Rc1 38. Rc2 Rd1+ 39. Ke3 Re1+ 40.
Kf3 Rd1 41. Ke3 1/2-1/2

[Event "15. Obert Int. Sant Martí 2013 - B"]
[Site "Barcelona ESP"]
[Date "2013.07.13"]
[Round "1.25"]
[White "Navarro Gutierrez, Andres Camilo"]
[Black "Cort Hidalgo, Jordi"]
[Result "1-0"]
[WhiteElo "1909"]
[BlackElo "1650"]
[PlyCount "39"]
[EventDate "2013.07.13"]
[EventType "swiss"]
[EventRounds "9"]
[EventCountry "ESP"]
[SourceTitle "Ajedrez en Madrid"]
[Source "lmi"]
[SourceDate "2013.07.13"]
[SourceVersion "1"]
[SourceVersionDate "2019.06.21"]
[SourceQuality "1"]

1. e4 c5 2. Nf3 g6 3. Bc4 Bg7 4. O-O Nc6 5. c3 d6 6. d4 cxd4 7. cxd4 Nf6 8. Nc3
O-O 9. h3 Nxe4 10. Bxf7+ Rxf7 11. Nxe4 h6 12. d5 Ne5 13. Nxe5 Bxe5 14. Bxh6 Rh7
15. Qd2 Bxb2 16. Qxb2 Rxh6 17. Rfe1 Qf8 18. Rac1 Qf4 19. Rc7 Rh7 20. Nf6+ 1-0

[Event "15. Obert Int. Sant Martí 2013 - B"]
[Site "Barcelona ESP"]
[Date "2013.07.13"]
[Round "1.26"]
[White "Lopez Mayoral, Miguel Angel"]
[Black "Casset Bello, Elena"]
[Result "1/2-1/2"]
[WhiteElo "1645"]
[BlackElo "1908"]
[PlyCount "122"]
[EventDate "2013.07.13"]
[EventType "swiss"]
[EventRounds "9"]
[EventCountry "ESP"]
[SourceTitle "Ajedrez en Madrid"]
[Source "lmi"]
[SourceDate "2013.07.13"]
[SourceVersion "1"]
[SourceVersionDate "2019.06.21"]
[SourceQuality "1"]

1. e4 e5 2. Nf3 Nc6 3. d4 exd4 4. Nxd4 Bc5 5. Nb3 Bb4+ 6. c3 Be7 7. Bd3 Nf6 8.
O-O O-O 9. Bf4 d6 10. N1d2 Re8 11. h3 Ne5 12. Bxe5 dxe5 13. Nc4 Bd6 14. Qf3 Be6
15. Rad1 Qe7 16. Nxd6 cxd6 17. Rd2 Rac8 18. Rfd1 Red8 19. Bb1 Qc7 20. Nc1 b5
21. Ne2 Qb6 22. Ng3 b4 23. cxb4 Qxb4 24. a3 Qb6 25. Nf5 Bxf5 26. Qxf5 h6 27.
Ba2 Rc6 28. h4 Qc7 29. g4 Qd7 30. Qxd7 Rxd7 31. f3 Kf8 32. Kf1 Ke7 33. a4 Rb6
34. Bc4 Rdb7 35. Rb1 Rb4 36. Bb5 Rb6 37. Rc2 a6 38. Be2 Rxa4 39. Rc7+ Ke6 40.
Bc4+ d5 41. exd5+ Nxd5 42. Bxd5+ Kxd5 43. Rxf7 Rf4 44. Rxg7 Rxf3+ 45. Kg2 e4
46. g5 hxg5 47. Rxg5+ Kd4 48. h5 Rfb3 49. Rd1+ Rd3 50. Rb1 Rd2+ 51. Kg3 Rb3+
52. Kh4 Rbxb2 53. Rxb2 Rxb2 54. Ra5 Rb6 55. Ra4+ Ke3 56. Kg3 Kd3 57. Ra3+ Kc4
58. Ra4+ Kd5 59. Ra5+ Kd4 60. Ra4+ Kd5 61. Ra5+ Kd4 1/2-1/2

[Event "15. Obert Int. Sant Martí 2013 - B"]
[Site "Barcelona ESP"]
[Date "2013.07.13"]
[Round "1.27"]
[White "Torres Maiquez, Sergio"]
[Black "Martinez Navarro, Miquel"]
[Result "1-0"]
[WhiteElo "1908"]
[BlackElo "1641"]
[PlyCount "99"]
[EventDate "2013.07.13"]
[EventType "swiss"]
[EventRounds "9"]
[EventCountry "ESP"]
[SourceTitle "Ajedrez en Madrid"]
[Source "lmi"]
[SourceDate "2013.07.13"]
[SourceVersion "1"]
[SourceVersionDate "2019.06.21"]
[SourceQuality "1"]

1. e4 e5 2. f4 exf4 3. Nf3 g6 4. d4 Bh6 5. Bc4 d6 6. Nc3 Be6 7. Bd3 Nd7 8. O-O
Nb6 9. Qe2 g5 10. Nd5 Bg7 11. c3 h6 12. Nxb6 axb6 13. e5 d5 14. Qc2 Ne7 15. Ne1
Qd7 16. g3 fxg3 17. hxg3 O-O 18. Ng2 f5 19. Ne3 Rf7 20. Bd2 Rc8 21. Rae1 c5 22.
Qd1 c4 23. Be2 Rff8 24. Rf2 f4 25. gxf4 Rxf4 26. Rxf4 gxf4 27. Ng2 Bf5 28. Bf3
Be4 29. Bxe4 dxe4 30. Rxe4 Nd5 31. Nxf4 Rf8 32. Nxd5 Qxd5 33. Qe2 Kh7 34. Qg2
Rg8 35. Rg4 Qf7 36. Qe4+ Kh8 37. Qg6 Qxg6 38. Rxg6 Bf8 39. Rxg8+ Kxg8 40. Kg2
Kg7 41. Kf3 Kg6 42. Ke4 h5 43. d5 h4 44. Bf4 h3 45. e6 Kf6 46. Be5+ Ke7 47. Kf5
Bg7 48. d6+ Kd8 49. Bxg7 h2 50. Bf6+ 1-0

[Event "15. Obert Int. Sant Martí 2013 - B"]
[Site "Barcelona ESP"]
[Date "2013.07.13"]
[Round "1.28"]
[White "Esteban Bruguera, German"]
[Black "Cantero Mitjans, Carles"]
[Result "1/2-1/2"]
[WhiteElo "1896"]
[BlackElo "1639"]
[PlyCount "60"]
[EventDate "2013.07.13"]
[EventType "swiss"]
[EventRounds "9"]
[EventCountry "ESP"]
[SourceTitle "Ajedrez en Madrid"]
[Source "lmi"]
[SourceDate "2013.07.13"]
[SourceVersion "1"]
[SourceVersionDate "2019.06.21"]
[SourceQuality "1"]

1. e4 c6 2. d4 d5 3. Nc3 dxe4 4. Nxe4 Nd7 5. Bc4 Ngf6 6. Ng5 e6 7. Qe2 Nb6 8.
Bb3 h6 9. N5f3 Bd6 10. c4 Bb4+ 11. Bd2 Bxd2+ 12. Qxd2 O-O 13. Ne2 Nbd7 14. O-O
b6 15. Rad1 Bb7 16. Rfe1 Ne4 17. Qe3 Ndf6 18. Ng3 Nxg3 19. hxg3 Re8 20. Bc2 Qc7
21. Qe5 Qe7 22. a3 Rad8 23. Nh4 Qd6 24. Qe2 c5 25. Ba4 Bc6 26. Bxc6 Qxc6 27.
Nf3 Ng4 28. Ne5 Nxe5 29. Qxe5 cxd4 30. Rxd4 Rd7 1/2-1/2

[Event "15. Obert Int. Sant Martí 2013 - B"]
[Site "Barcelona ESP"]
[Date "2013.07.13"]
[Round "1.29"]
[White "Ballve Monte, Antoni"]
[Black "Alvarez Serrano, Carlos"]
[Result "0-1"]
[WhiteElo "1638"]
[BlackElo "1894"]
[PlyCount "38"]
[EventDate "2013.07.13"]
[EventType "swiss"]
[EventRounds "9"]
[EventCountry "ESP"]
[SourceTitle "Ajedrez en Madrid"]
[Source "lmi"]
[SourceDate "2013.07.13"]
[SourceVersion "1"]
[SourceVersionDate "2019.06.21"]
[SourceQuality "1"]

1. e4 c5 2. Nf3 d6 3. Bc4 e6 4. Nc3 a6 5. a3 Nf6 6. d4 cxd4 7. Nxd4 Qc7 8. Bb3
Be7 9. Nde2 b5 10. Ng3 Nc6 11. Be3 Bb7 12. a4 b4 13. Nce2 O-O 14. Nf4 Rfc8 15.
Nfh5 Ne5 16. Qd2 Nxe4 17. Nxe4 Bxe4 18. Rc1 Bxg2 19. Rg1 Nf3+ 0-1

[Event "15. Obert Int. Sant Martí 2013 - B"]
[Site "Barcelona ESP"]
[Date "2013.07.13"]
[Round "1.31"]
[White "Sanchez Viana, Jordi"]
[Black "Sirletti, Sonia"]
[Result "0-1"]
[WhiteElo "1626"]
[BlackElo "1888"]
[PlyCount "72"]
[EventDate "2013.07.13"]
[EventType "swiss"]
[EventRounds "9"]
[EventCountry "ESP"]
[SourceTitle "Ajedrez en Madrid"]
[Source "lmi"]
[SourceDate "2013.07.13"]
[SourceVersion "1"]
[SourceVersionDate "2019.06.21"]
[SourceQuality "1"]

1. e4 d6 2. d4 Nf6 3. Nc3 Nbd7 4. Nf3 e5 5. dxe5 dxe5 6. Bc4 Bb4 7. Bd2 O-O 8.
O-O c6 9. a3 Ba5 10. b4 Bc7 11. Bg5 b5 12. Bd3 h6 13. Be3 a5 14. Ne2 Qe7 15.
Ng3 Ng4 16. Bd2 Nb6 17. bxa5 Nc4 18. Bxc4 bxc4 19. h3 Nf6 20. Bb4 c5 21. Bc3
Bb7 22. Qe2 Rfd8 23. Rfb1 Ba6 24. Nf5 Qe6 25. Qe3 Rd7 26. g4 Bc8 27. Rb5 Bd6
28. Rb6 Ra6 29. Rab1 g6 30. Nxh6+ Kg7 31. Nxe5 Rb7 32. Rxb7 Bxb7 33. Rxb7 Bxe5
34. Bxe5 Qxe5 35. Rxf7+ Kh8 36. Qxc5 Qxc5 0-1

[Event "15. Obert Int. Sant Martí 2013 - B"]
[Site "Barcelona ESP"]
[Date "2013.07.13"]
[Round "1.33"]
[White "Santolaria Sanz, Xavier"]
[Black "Liarte Genoves, Sergi"]
[Result "0-1"]
[WhiteElo "1624"]
[BlackElo "1880"]
[PlyCount "55"]
[EventDate "2013.07.13"]
[EventType "swiss"]
[EventRounds "9"]
[EventCountry "ESP"]
[SourceTitle "Ajedrez en Madrid"]
[Source "lmi"]
[SourceDate "2013.07.13"]
[SourceVersion "1"]
[SourceVersionDate "2019.06.21"]
[SourceQuality "1"]

1. e4 c5 2. Nf3 d6 3. d4 cxd4 4. Nxd4 Nf6 5. Nc3 a6 6. Qf3 e6 7. Be3 Nbd7 8.
Be2 Qc7 9. Qg3 Nc5 10. Bf3 h5 11. h4 e5 12. Nb3 Be6 13. O-O O-O-O 14. Rfd1 Nfd7
15. Nd5 Bxd5 16. Rxd5 Nf6 17. Rd2 Ncxe4 18. Bxe4 Nxe4 19. Qh3+ Qd7 20. Qxd7+
Rxd7 21. Rd3 Be7 22. f3 Ng3 23. Rad1 Nf5 24. Bb6 Bd8 25. Ba7 b6 26. Rc3+ Kb7
27. Nc5+ bxc5 28. Bxc5 0-1

[Event "15. Obert Int. Sant Martí 2013 - B"]
[Site "Barcelona ESP"]
[Date "2013.07.13"]
[Round "1.34"]
[White "Bayarri Ponsa, Eduard"]
[Black "Fernandez Benito, Carlos Pablo"]
[Result "1/2-1/2"]
[WhiteElo "1878"]
[BlackElo "1624"]
[PlyCount "54"]
[EventDate "2013.07.13"]
[EventType "swiss"]
[EventRounds "9"]
[EventCountry "ESP"]
[SourceTitle "Ajedrez en Madrid"]
[Source "lmi"]
[SourceDate "2013.07.13"]
[SourceVersion "1"]
[SourceVersionDate "2019.06.21"]
[SourceQuality "1"]

1. e4 e6 2. d4 d5 3. Nd2 Nf6 4. e5 Nfd7 5. Bd3 c5 6. c3 Nc6 7. Ne2 Be7 8. O-O
cxd4 9. cxd4 O-O 10. Kh1 f5 11. f4 Nb4 12. Bb1 b6 13. a3 Nc6 14. Bd3 a5 15. Nf3
Ba6 16. Ng5 Bxg5 17. fxg5 Bxd3 18. Qxd3 g6 19. h4 Rf7 20. Bd2 Rc8 21. g4 Nf8
22. gxf5 exf5 23. Nf4 Qd7 24. Qb5 Nxe5 25. Qxd5 Qxd5+ 26. Nxd5 Nc4 27. Bc3 Nd7
1/2-1/2

[Event "15. Obert Int. Sant Martí 2013 - B"]
[Site "Barcelona ESP"]
[Date "2013.07.13"]
[Round "1.35"]
[White "Santamaria Torres, Sergio"]
[Black "Colom Andres, Xavier"]
[Result "1/2-1/2"]
[WhiteElo "1620"]
[BlackElo "1876"]
[PlyCount "61"]
[EventDate "2013.07.13"]
[EventType "swiss"]
[EventRounds "9"]
[EventCountry "ESP"]
[SourceTitle "Ajedrez en Madrid"]
[Source "lmi"]
[SourceDate "2013.07.13"]
[SourceVersion "1"]
[SourceVersionDate "2019.06.21"]
[SourceQuality "1"]

1. e4 d5 2. exd5 Qxd5 3. Nc3 Qd6 4. d4 Nf6 5. Nf3 c6 6. Be2 Bg4 7. Be3 Nbd7 8.
Qd2 e6 9. O-O-O Qc7 10. h3 Bh5 11. g4 Bg6 12. Nh4 Be4 13. Nxe4 Nxe4 14. Qd3 Nd6
15. f4 Be7 16. Nf3 O-O-O 17. Ne5 Nb6 18. Qb3 Nd5 19. c4 Nxe3 20. Qxe3 Bf6 21.
c5 Ne8 22. g5 Bxe5 23. Qxe5 Qa5 24. Kb1 Rd5 25. Qe3 Nc7 26. Bc4 Rd7 27. Qe5 Rg8
28. f5 exf5 29. Qxf5 Qb4 30. Qxh7 Rgd8 31. b3 1/2-1/2

[Event "15. Obert Int. Sant Martí 2013 - B"]
[Site "Barcelona ESP"]
[Date "2013.07.13"]
[Round "1.36"]
[White "Ferre Navarro, Joan"]
[Black "Pascual Gonzalez-Novelles, Carles"]
[Result "0-1"]
[WhiteElo "1609"]
[BlackElo "1873"]
[PlyCount "69"]
[EventDate "2013.07.13"]
[EventType "swiss"]
[EventRounds "9"]
[EventCountry "ESP"]
[SourceTitle "Ajedrez en Madrid"]
[Source "lmi"]
[SourceDate "2013.07.13"]
[SourceVersion "1"]
[SourceVersionDate "2019.06.21"]
[SourceQuality "1"]

1. e4 e6 2. d4 d5 3. e5 c5 4. c3 Nc6 5. Nf3 Qb6 6. Be2 Nh6 7. O-O cxd4 8. cxd4
Nf5 9. Kh1 Nfxd4 10. Nxd4 Qxd4 11. f4 Bd7 12. Qb3 Qb4 13. Qd1 Bc5 14. Nc3 Bd4
15. a3 Qa5 16. Nb5 Bc5 17. Bd2 Qb6 18. b4 Be7 19. Bc3 O-O 20. Rc1 a6 21. Nd4
Rac8 22. Qd2 Na7 23. Bb2 f6 24. Nb3 fxe5 25. fxe5 Rxc1 26. Rxc1 Nc6 27. Bf3 Rf5
28. Qe2 Qd8 29. Nc5 Bxc5 30. Rxc5 Qf8 31. Kg1 a5 32. b5 Qxc5+ 33. Kf1 Nd4 34.
Qe3 Bxb5+ 35. Kf2 0-1

[Event "15. Obert Int. Sant Martí 2013 - B"]
[Site "Barcelona ESP"]
[Date "2013.07.13"]
[Round "1.37"]
[White "Espinosa Cebrian, Carlos"]
[Black "Febrero Perez, Lluis"]
[Result "1-0"]
[WhiteElo "1861"]
[BlackElo "1604"]
[PlyCount "89"]
[EventDate "2013.07.13"]
[EventType "swiss"]
[EventRounds "9"]
[EventCountry "ESP"]
[SourceTitle "Ajedrez en Madrid"]
[Source "lmi"]
[SourceDate "2013.07.13"]
[SourceVersion "1"]
[SourceVersionDate "2019.06.21"]
[SourceQuality "1"]

1. d4 Nf6 2. Nf3 g6 3. g3 Bg7 4. Bg2 c6 5. O-O O-O 6. c4 d6 7. Re1 Na6 8. b3
Nc7 9. e4 Bg4 10. Nbd2 c5 11. h3 Bxf3 12. Nxf3 cxd4 13. Nxd4 Rb8 14. Qe2 Qd7
15. Be3 a6 16. Rad1 Ne6 17. e5 Ne8 18. f4 Nxd4 19. Bxd4 Qe6 20. Kh2 dxe5 21.
Bd5 Qf5 22. fxe5 Nc7 23. Bf3 Qe6 24. Bg4 f5 25. exf6 Qxe2+ 26. Rxe2 exf6 27.
Bb6 Na8 28. Bc5 Rfe8 29. Rde1 Rxe2+ 30. Rxe2 f5 31. Ba7 Rd8 32. Bf3 b5 33. c5
Nc7 34. Bb6 Rd7 35. Bc6 Rf7 36. Rd2 Bf8 37. Rd7 Ne6 38. Rd5 f4 39. Re5 Nd4 40.
Bd5 fxg3+ 41. Kxg3 Nf5+ 42. Kf2 Bg7 43. Re8+ Bf8 44. Bxf7+ Kxf7 45. Ra8 1-0

[Event "15. Obert Int. Sant Martí 2013 - B"]
[Site "Barcelona ESP"]
[Date "2013.07.13"]
[Round "1.38"]
[White "Negreira Rodriguez, Daniel"]
[Black "Ayza Casamitjana, Antoni"]
[Result "0-1"]
[WhiteElo "1600"]
[BlackElo "1860"]
[PlyCount "60"]
[EventDate "2013.07.13"]
[EventType "swiss"]
[EventRounds "9"]
[EventCountry "ESP"]
[SourceTitle "Ajedrez en Madrid"]
[Source "lmi"]
[SourceDate "2013.07.13"]
[SourceVersion "1"]
[SourceVersionDate "2019.06.21"]
[SourceQuality "1"]

1. e4 c5 2. Nf3 e6 3. Nc3 a6 4. d4 cxd4 5. Nxd4 Nc6 6. Nf3 Bb4 7. Bd2 Nf6 8.
Bd3 O-O 9. a3 Be7 10. e5 Ng4 11. Qe2 Qc7 12. Qe4 f5 13. exf6 Nxf6 14. Qh4 Ne5
15. Nxe5 Qxe5+ 16. Be3 Qh5 17. Qg3 d5 18. Be2 Qf7 19. O-O-O b5 20. Na2 Bd7 21.
b3 Bxa3+ 22. Kb1 a5 23. f3 Qe7 24. c3 Bd6 25. Qf2 b4 26. cxb4 axb4 27. Bd3 Ng4
28. Qe2 Nxe3 29. Qxe3 Qf6 30. Qd2 Ra3 0-1

[Event "15. Obert Int. Sant Martí 2013 - B"]
[Site "Barcelona ESP"]
[Date "2013.07.13"]
[Round "1.39"]
[White "Gisbert Mir, Alejandro"]
[Black "Ylla Soro, Rafael"]
[Result "1-0"]
[WhiteElo "1852"]
[BlackElo "1596"]
[PlyCount "65"]
[EventDate "2013.07.13"]
[EventType "swiss"]
[EventRounds "9"]
[EventCountry "ESP"]
[SourceTitle "Ajedrez en Madrid"]
[Source "lmi"]
[SourceDate "2013.07.13"]
[SourceVersion "1"]
[SourceVersionDate "2019.06.21"]
[SourceQuality "1"]

1. d4 f5 2. c4 Nf6 3. Nf3 e6 4. g3 Be7 5. Bg2 O-O 6. O-O Nc6 7. b3 a6 8. Nc3 d5
9. Bb2 Rb8 10. Rc1 Ne4 11. Ne5 Qd6 12. f3 Nxc3 13. Bxc3 Qa3 14. f4 Nb4 15. Bxb4
Bxb4 16. cxd5 Qxa2 17. Rxc7 Re8 18. dxe6 Bxe6 19. d5 Red8 20. e4 Qa5 21. Qc2
Bd6 22. Rc4 Qb6+ 23. Kh1 Bd7 24. Nxd7 Rxd7 25. e5 Bf8 26. d6 g6 27. Rc1 Rbd8
28. Bd5+ Kh8 29. Be6 Rg7 30. Rc8 h5 31. Rxd8 Qxd8 32. Qc8 Qxc8 33. Rxc8 1-0

[Event "15. Obert Int. Sant Martí 2013 - B"]
[Site "Barcelona ESP"]
[Date "2013.07.13"]
[Round "1.40"]
[White "Herrerias Gonzalez, Andreu"]
[Black "Minos Constante, Pablo"]
[Result "0-1"]
[WhiteElo "1592"]
[BlackElo "1850"]
[PlyCount "140"]
[EventDate "2013.07.13"]
[EventType "swiss"]
[EventRounds "9"]
[EventCountry "ESP"]
[SourceTitle "Ajedrez en Madrid"]
[Source "lmi"]
[SourceDate "2013.07.13"]
[SourceVersion "1"]
[SourceVersionDate "2019.06.21"]
[SourceQuality "1"]

1. d4 Nf6 2. c4 e5 3. dxe5 Ng4 4. Nf3 Bc5 5. e3 Nc6 6. e6 dxe6 7. Qxd8+ Kxd8 8.
Nc3 Ke7 9. a3 a5 10. Be2 Nce5 11. O-O Nxf3+ 12. Bxf3 Ne5 13. Be2 Rd8 14. Ne4
Ba7 15. b4 Nd3 16. Bxd3 Rxd3 17. b5 f5 18. Ng5 Bd7 19. a4 Rc3 20. Ba3+ Ke8 21.
Rfc1 Rxc1+ 22. Rxc1 h6 23. Nf3 c6 24. Ne5 Bb8 25. Nxd7 Kxd7 26. Rd1+ Ke8 27.
bxc6 bxc6 28. Rb1 Be5 29. Rb7 Rb8 30. Rxb8+ Bxb8 31. h3 Kd7 32. Kf1 Bd6 33. Bb2
g5 34. Ke2 h5 35. Kd3 e5 36. Bc3 Bc7 37. Ke2 e4 38. f3 Kd6 39. Bd4 Ke6 40. fxe4
fxe4 41. Bc3 Kf5 42. Be1 g4 43. hxg4+ Kxg4 44. Kf1 Bb6 45. Ke2 h4 46. Kd1 h3
47. gxh3+ Kxh3 48. Kc2 Kg4 49. Kd1 Kf3 50. Bd2 Kf2 51. Kc2 Ke2 52. c5 Bxc5 53.
Bxa5 Bxe3 54. Bc3 Ba7 55. a5 e3 56. Kb3 Kd1 57. Kc4 e2 58. Bb4 e1=Q 59. Bxe1
Kxe1 60. Kd3 Kd1 61. a6 c5 62. Kc3 Ke2 63. Kc2 Ke3 64. Kc3 Ke4 65. Kc4 Ke5 66.
Kd3 Kd5 67. Kc3 c4 68. Kd2 Kd4 69. Kc2 c3 70. Kd1 Kd3 0-1

[Event "15. Obert Int. Sant Martí 2013 - B"]
[Site "Barcelona ESP"]
[Date "2013.07.13"]
[Round "1.41"]
[White "De La Fuente Clemente, Constantino"]
[Black "Sequera Morales, Jose David"]
[Result "1-0"]
[WhiteElo "1850"]
[BlackElo "1575"]
[PlyCount "127"]
[EventDate "2013.07.13"]
[EventType "swiss"]
[EventRounds "9"]
[EventCountry "ESP"]
[SourceTitle "Ajedrez en Madrid"]
[Source "lmi"]
[SourceDate "2013.07.13"]
[SourceVersion "1"]
[SourceVersionDate "2019.06.21"]
[SourceQuality "1"]

1. e4 c5 2. Nf3 Nc6 3. d4 cxd4 4. Nxd4 Nf6 5. Nc3 e5 6. Ndb5 d6 7. Bg5 a6 8.
Na3 b5 9. Nd5 Be7 10. Bxf6 Bxf6 11. c3 O-O 12. Nc2 Bg5 13. Be2 f5 14. exf5 Bxf5
15. Nce3 Bxe3 16. Nxe3 Be6 17. Nd5 Ne7 18. Bf3 Rc8 19. Nxe7+ Qxe7 20. Bd5 Bxd5
21. Qxd5+ Qf7 22. Rd1 Qxd5 23. Rxd5 Rfd8 24. Ke2 Rc5 25. Rhd1 Rxd5 26. Rxd5 Kf7
27. Ke3 Ke6 28. Rd2 Rf8 29. Kd3 d5 30. Kc2 Rc8 31. Kb3 Kd6 32. a4 Rc4 33. axb5
axb5 34. Rd3 Rf4 35. f3 Kc5 36. g3 e4 37. fxe4 dxe4 38. Re3 Rf2 39. Rxe4 Rxh2
40. Re5+ Kc6 41. Rg5 g6 42. Ka3 Rc2 43. Re5 Rg2 44. Re3 Kc5 45. Re5+ Kc4 46.
Re3 h5 47. b3+ Kc5 48. Re5+ Kc6 49. Rg5 Kc7 50. Kb4 Rb2 51. Rxg6 Rg2 52. Rg5
Kc6 53. Rc5+ Kd6 54. Rxh5 Rxg3 55. Rxb5 Rg4+ 56. c4 Kc6 57. Rf5 Rg3 58. Rf6+
Kd7 59. Ka4 Rg1 60. Kb5 Rg5+ 61. Kb6 Rg3 62. b4 Rb3 63. b5 Rc3 64. c5 1-0

[Event "15. Obert Int. Sant Martí 2013 - B"]
[Site "Barcelona ESP"]
[Date "2013.07.13"]
[Round "1.42"]
[White "Kazmierczak, Ewa"]
[Black "Carballo Cancela, Manuel"]
[Result "0-1"]
[WhiteElo "1574"]
[BlackElo "1850"]
[PlyCount "82"]
[EventDate "2013.07.13"]
[EventType "swiss"]
[EventRounds "9"]
[EventCountry "ESP"]
[SourceTitle "Ajedrez en Madrid"]
[Source "lmi"]
[SourceDate "2013.07.13"]
[SourceVersion "1"]
[SourceVersionDate "2019.06.21"]
[SourceQuality "1"]

1. e4 e6 2. d4 d5 3. exd5 exd5 4. Bd3 Bd6 5. Nf3 Bg4 6. Be3 Nf6 7. Nbd2 O-O 8.
c3 c6 9. Qc2 Re8 10. O-O Qc7 11. Bg5 Nbd7 12. Rfe1 Bf4 13. Bxf4 Qxf4 14. Rad1
Bxf3 15. Nxf3 Ne4 16. Re2 Re6 17. Rde1 Rae8 18. h3 h6 19. Bxe4 dxe4 20. Qd2 Qf5
21. Nh2 Nf8 22. Ng4 Ng6 23. Ne3 Qh5 24. Nf1 Qd5 25. b3 b5 26. Ne3 Qg5 27. Rd1
Nf4 28. Ree1 Nxh3+ 29. Kf1 Nf4 30. g3 Nd3 31. Re2 Rf6 32. Ng2 Qxg3 33. Kg1 Qg4
34. Rf1 Nf4 35. f3 Nxe2+ 36. Qxe2 Rxf3 37. Rxf3 Qxf3 38. Qxf3 exf3 39. Nh4 Re3
40. Kf2 Rxc3 41. Nxf3 Rc2+ 0-1

[Event "15. Obert Int. Sant Martí 2013 - B"]
[Site "Barcelona ESP"]
[Date "2013.07.13"]
[Round "1.43"]
[White "Serra Vilaro, Agustin"]
[Black "Llados Clos, Jaume"]
[Result "1-0"]
[WhiteElo "1849"]
[BlackElo "1568"]
[PlyCount "121"]
[EventDate "2013.07.13"]
[EventType "swiss"]
[EventRounds "9"]
[EventCountry "ESP"]
[SourceTitle "Ajedrez en Madrid"]
[Source "lmi"]
[SourceDate "2013.07.13"]
[SourceVersion "1"]
[SourceVersionDate "2019.06.21"]
[SourceQuality "1"]

1. d4 d5 2. c3 Nf6 3. Nd2 Bf5 4. Qb3 Bc8 5. e3 e6 6. Bd3 Nbd7 7. f4 b6 8. Qd1
Bb7 9. Qf3 g6 10. Nh3 Bg7 11. O-O O-O 12. Nf2 c5 13. g4 Ne8 14. g5 f5 15. gxf6
Ndxf6 16. Qh3 Bc8 17. Qg2 Nd6 18. Kh1 Bb7 19. Nf3 Qe8 20. Rg1 Nf5 21. Bd2 Rc8
22. Qh3 Qd7 23. Rg2 Rc7 24. Rag1 Qe8 25. Ng5 a6 26. Ng4 c4 27. Nxf6+ Bxf6 28.
Bb1 Bxg5 29. Rxg5 Bc8 30. Qg2 Bb7 31. Qf2 Rg7 32. Be1 Qb5 33. h4 Rff7 34. h5
gxh5 35. Bxf5 exf5 36. Qh4 Qe8 37. Qg3 Qe7 38. Qh4 Qe8 39. Bf2 Bc8 40. Qxh5 Qe6
41. Kh2 Rxg5 42. Qxg5+ Qg6 43. Qd8+ Rf8 44. Rxg6+ hxg6 45. Qxd5+ Kh7 46. Qxc4
b5 47. Qc7+ Kh8 48. Bh4 Kg8 49. Bg5 Be6 50. a3 Rf7 51. Qd8+ Kh7 52. Qe8 Bc4 53.
Qe5 Kg8 54. Kg3 Be2 55. d5 Bc4 56. d6 Kh7 57. Bd8 a5 58. Bb6 a4 59. Bd4 Kh6 60.
Kh4 Bb3 61. Qh8+ 1-0

[Event "15. Obert Int. Sant Martí 2013 - B"]
[Site "Barcelona ESP"]
[Date "2013.07.13"]
[Round "1.44"]
[White "Custodio Criado, Jofre"]
[Black "Poyato Ruiz, Fernando"]
[Result "0-1"]
[WhiteElo "1568"]
[BlackElo "1849"]
[PlyCount "68"]
[EventDate "2013.07.13"]
[EventType "swiss"]
[EventRounds "9"]
[EventCountry "ESP"]
[SourceTitle "Ajedrez en Madrid"]
[Source "lmi"]
[SourceDate "2013.07.13"]
[SourceVersion "1"]
[SourceVersionDate "2019.06.21"]
[SourceQuality "1"]

1. e4 e6 2. b3 d5 3. Bb2 dxe4 4. Nc3 Nf6 5. Qe2 Nbd7 6. Nxe4 Nxe4 7. Qxe4 Nf6
8. Qd3 Bd7 9. Ne2 Bc5 10. f3 Qe7 11. Nc3 O-O-O 12. O-O-O a6 13. Qe2 Bc6 14. Ne4
Ba3 15. d4 Nxe4 16. fxe4 Bxb2+ 17. Kxb2 Qh4 18. e5 Rxd4 19. g3 Qe4 20. Qxe4
Rxe4 21. Bg2 Rxe5 22. Bxc6 bxc6 23. Rhf1 f6 24. Rd4 Rd8 25. Rg4 Rd7 26. Ra4 a5
27. Rff4 Rd2 28. b4 axb4 29. Rfxb4 Rxh2 30. Ra8+ Kd7 31. Rbb8 Rb5+ 32. Rxb5
cxb5 33. Rg8 g6 34. Rg7+ Kd6 0-1

[Event "15. Obert Int. Sant Martí 2013 - B"]
[Site "Barcelona ESP"]
[Date "2013.07.13"]
[Round "1.45"]
[White "Berstad, Joerund"]
[Black "Aunes Cabanero, Jose"]
[Result "1-0"]
[WhiteElo "1849"]
[BlackElo "1565"]
[PlyCount "39"]
[EventDate "2013.07.13"]
[EventType "swiss"]
[EventRounds "9"]
[EventCountry "ESP"]
[SourceTitle "Ajedrez en Madrid"]
[Source "lmi"]
[SourceDate "2013.07.13"]
[SourceVersion "1"]
[SourceVersionDate "2019.06.21"]
[SourceQuality "1"]

1. e4 e5 2. Nf3 Nc6 3. d4 exd4 4. Nxd4 Bc5 5. Nb3 Bb6 6. Be2 Nf6 7. Nc3 d6 8.
O-O a5 9. Bg5 h6 10. Bh4 a4 11. Nd2 g5 12. Bg3 Nd4 13. e5 Nxe2+ 14. Qxe2 Bg4
15. Nf3 Bxf3 16. Qxf3 Nd7 17. exd6 cxd6 18. Bxd6 Qf6 19. Rfe1+ Kd8 20. Be7+ 1-0

[Event "15. Obert Int. Sant Martí 2013 - B"]
[Site "Barcelona ESP"]
[Date "2013.07.13"]
[Round "1.46"]
[White "Tahay, Romain"]
[Black "Lozano Diaz, Antoni"]
[Result "0-1"]
[WhiteElo "1553"]
[BlackElo "1846"]
[PlyCount "50"]
[EventDate "2013.07.13"]
[EventType "swiss"]
[EventRounds "9"]
[EventCountry "ESP"]
[SourceTitle "Ajedrez en Madrid"]
[Source "lmi"]
[SourceDate "2013.07.13"]
[SourceVersion "1"]
[SourceVersionDate "2019.06.21"]
[SourceQuality "1"]

1. d4 d5 2. c4 c6 3. Nc3 dxc4 4. e4 b5 5. a4 e5 6. d5 b4 7. Na2 cxd5 8. exd5 a5
9. Bxc4 Bc5 10. Nf3 e4 11. Ng5 e3 12. f4 Nf6 13. Qd3 O-O 14. Bb3 Qc7 15. g3 g6
16. Ke2 Bd6 17. Qd4 Ba6+ 18. Ke1 Nbd7 19. Bxe3 Bc5 20. Rc1 Bxd4 21. Rxc7 Bxe3
22. d6 Bb6 23. Rc2 h6 24. Nxf7 Rxf7 25. Bxf7+ Kxf7 0-1